Statistics for Favorite Artists 12/14/20

Click here to take the quiz!

General Stats

  • This quiz has been taken 3 times
  • The average score is 1 of 48

Answer Stats

Rank16Artist Name% Correct
2Taylor Swift
100%
HNREllie Goulding
33%
10AJR
0%
15A R I Z O N A
0%
13Astrid S
0%
28Avicii
0%
4Ben Rector
0%
30Betty Who
0%
19Built By Titan
0%
RISECam
0%
HNRCash Cash
0%
RISECat Stevens
0%
HNRCheat Codes
0%
21Clean Bandit
0%
18Colbie Caillat/Gone West
0%
6Dagny
0%
3Drew Holcomb & The Neighbors
0%
8Galantis
0%
HNRGryffin
0%
25Hunter Hayes
0%
RISEJake Scott
0%
HNRJason Mraz
0%
5John Denver
0%
HNRJon Bellion
0%
HNRJosie Dunne
0%
HNRJulia Michaels
0%
22Kacey Musgraves
0%
26Kygo
0%
24Lauv
0%
RISELennon Stella
0%
HNRLoote
0%
HNRMarshmello
0%
9Michael Franti & Spearhead
0%
23NOTD
0%
1Owl City
0%
7Quinn XCII
0%
20Rachel Platten
0%
RISESasha Sloan
0%
16Seeb
0%
17Sia
0%
14Sigrid
0%
11Sleeping At Last
0%
RISESody
0%
27Swimming With Dolphins
0%
29The Chainsmokers
0%
RISEThe National Parks
0%
RISEWalk Off The Earth
0%
12Zedd
0%

Score Distribution

Percentile by Number Answered

Percent of People with Each Score

Your Score History

You have not taken this quiz